000 00610nam a2200277Ia 4500
005 20260401122313.0
008 008 250103s9999 xx 000 0 eng d
020 _a9789042021631
037 _aTB
040 _aEDL
040 _beng
040 _cEDL
041 _2eng
041 _aeng
084 _a820.9 RON
084 _qEDL
245 0 _aReadings of the particular : Postcolonial in the postnational
260 _aAmsterdam
260 _bRodopi
260 _c2007
300 _a262p
942 _cTB
942 _h820.9 RON
999 _c1846371
_d1846371